01822cam a2200265 a 4500020001800000020001500018040001000033082002600043100001900069245010700088260007500195300006700270490004900337520079200386650001701178650001701195650001901212700001801231700002101249710006001270856005501330942000701385999001701392952014701409 a9789251061589 a9251061580 cBTCTA04a614 FOO 2008 A054 Or.1 aLeak, S. G. A.10aCollection of entomological baseline data for tsetse area-wide integrated pest management programmes / aRome :bFood and Agriculture Organization of the United Nations,c2008 aviii, 205 p. :bill. (some col.), maps (chiefly col.) ;c25 cm1 aFAO animal production and health guidelines, aArea-wide integrated pest management (AW-IPM) entails the integration of different control tactics against an entire pest population within a circumscribed area, while given adequate attention to human health and the environment. For most insect pests including tsetse, AW-IPM results in more sustainable pest control and the concept has gained significantly in importance in the last decade. These guidelines provide, aside from some basic information on the biology of tsetse flies, guidance on the development and implementation of an entomological survey to collect essential baseline data using modern spatial tools such as geographic information systems (GIS), satellite imagery, remote sensing, land use land cover maps, the Global Position System, etc.--Publisher's description 0aTsetse-flies 0aTsetse-flies 0aInsect surveys1 aEjigu, Dejene1 aVreysen, M. J. B2 aFood and Agriculture Organization of the United Nations11uftp://ftp.fao.org/docrep/fao/011/i0535e/i0535e.pdf cEK c15093d15093 0010406614_000000000000000_FOO_2008_A054_OR70967831aLBAbLBAcA054d2017-11-10o614 FOO 2008 A054 Or.pA06384r2017-11-10w2017-11-10yEK